| 000 | 01203cam a22001938i 4500 | ||
|---|---|---|---|
| 020 | _a9781292251486 (print) | ||
| 082 | 0 | 0 | _a346.42022 |
| 100 | 1 |
_aRichards, Paul, _d1951- _eauthor. |
|
| 245 | 1 | 0 |
_aLaw of contract / _cPaul Richards, Formerly Head of the School of Law, University of Huddersfield. |
| 250 | _aFourteenth edition. | ||
| 260 |
_6Harlow _aPearson _b2019 |
||
| 300 | _a909p | ||
| 650 | 0 |
_aContracts _983471 |
|
| 942 |
_2ddc _cBK |
||
| 999 |
_c586611 _d586611 |
||